Hazardous waste digest
Saved in:
| Corporate Author: | |
|---|---|
| Format: | Book |
| Language: | English |
| Published: |
Alexandria :
Water Environment Federation,
1992
|
| Series: | Digest
|
| Subjects: | |
| Tags: |
Add Tag
No Tags, Be the first to tag this record!
|
MARC
| LEADER | 00000nam a2200000 i 4500 | ||
|---|---|---|---|
| 001 | 1/65737 | ||
| 008 | 931013s eng d | ||
| 020 | |a 1-881369-19-6 | ||
| 035 | |a ΛΕΣΒΟΣb10001607 |l 10001607 | ||
| 040 | |a GR-MY-UA |b gre |e aacr | ||
| 041 | 0 | |a eng | |
| 082 | 0 | |a 363.7287 | |
| 110 | 2 | |a Water Environment Federation. | |
| 245 | 1 | 0 | |a Hazardous waste digest |
| 260 | |a Alexandria : |b Water Environment Federation, |c 1992 | ||
| 300 | |a 387 p. |b ill. | ||
| 490 | 1 | |a Digest | |
| 650 | 0 | 0 | |a Hazardous wastes. |
| 830 | 0 | |a Digest | |
| 852 | |a INST |b LESVOS |e 19931013 |h 363.7287 HAZ |p 005100003940 |q 005100003940 |t BK |y 0 | ||
| 909 | |a Λ |b 028651 | ||